000 00591nam a22001937i 4500
001 IT\ICCU\MOD\0300586
003 ItRI
005 20260115232326.0
008 010330s1977 it |||||| ||||| |||||c
040 _bita
_cimportazione bologna sebina
041 7 _aita
_2ISO-639-2
100 1 _aMilani, Milena
_0IT\ICCU\CFIV\042952
_4aut
240 1 0 _aOggetto sessuale
_3IT\ICCU\RL1\0079885
_9Milani, Milena
245 1 0 _aOggetto sessuale /
_cMilena Milani.
260 _aMilano :
_bRusconi,
_cc1977
300 _a240 p. ;
_c21 cm
830 0 _aPlaybook
_0IT\ICCU\RAV\0077018
942 _2ddc
_cBK
_n0
999 _c20631
_d20631